España en Bruselas / (Registro nro. 96062)

Detalles MARC
000 -LEADER
campo de control de longitud fija 00577nam a2200181 i 4500
001 - NÚMERO DE CONTROL
campo de control 96062
003 - IDENTIFICADOR DE NÚMERO DE CONTROL
campo de control ES-MaACL
005 - FECHA Y HORA DE LA ÚLTIMA TRANSACCIÓN
campo de control 20240511063027.0
007 - CAMPO FIJO DE DESCRIPCIÓN FÍSICA--INFORMACIÓN GENERAL
campo de control de longitud fija t|
008 - DATOS DE LONGITUD FIJA--INFORMACIÓN GENERAL
campo de control de longitud fija 050610q1910 sp ||||1| spa d
100 1# - ENTRADA PRINCIPAL--NOMBRE DE PERSONA
Nombre de persona Madariaga y Suárez, Juan de,
Fechas asociadas al nombre 1856-1936
9 (RLIN) 75299
245 10 - MENCIÓN DEL TÍTULO
Título España en Bruselas /
Mención de responsabilidad, etc. por el Conde de Torre-Vélez.
260 ## - PUBLICACIÓN, DISTRIBUCIÓN, ETC.
Lugar de publicación, distribución, etc. Madrid :
Nombre del editor, distribuidor, etc. José Blass y Cª,
Fecha de publicación, distribución, etc. 1910?
300 ## - DESCRIPCIÓN FÍSICA
Extensión 886 p. ;
Dimensiones 26 cm.
500 ## - NOTA GENERAL
Nota general Precede al tít.: Congreso de Ciencias administrativas de Bruselas, 1910.
852 ## - LOCALIZACIÓN
Ubicación ES-MaACL
Número de control de estantería G-1158
Existencias
Estatus retirado Estado de pérdida Estado de daño No para préstamo Biblioteca de origen Biblioteca actual Ubicación en estantería Fecha de adquisición Fuente de adquisición Total de préstamos Signatura topográfica completa Código de barras Visto por última vez Precio de reemplazo Tipo de ítem Koha
        Biblioteca del Ateneo de Madrid Biblioteca del Ateneo de Madrid Sala Pecera Planta 3 17/01/2008     G-1158 1100298 23/02/2023 23/02/2023 Libro impreso